A-Z of play in childhood / (Record no. 4570)

MARC details
000 -LEADER
fixed length control field 00656nam a22002172 4500
001 - CONTROL NUMBER
control field 0000024899
005 - DATE AND TIME OF LATEST TRANSACTION
control field 20151217145949.0
008 - FIXED-LENGTH DATA ELEMENTS--GENERAL INFORMATION
fixed length control field 140324s xx 000 0 eng d
020 ## - INTERNATIONAL STANDARD BOOK NUMBER
International Standard Book Number 0335246389 :
040 ## - CATALOGING SOURCE
Original cataloging agency KABU
Transcribing agency KABU
100 1# - MAIN ENTRY--PERSONAL NAME
Personal name Moyles, Janet.
-- 0000153676
245 12 - TITLE STATEMENT
Title A-Z of play in childhood /
Statement of responsibility, etc. Janet Moyles.
250 ## - EDITION STATEMENT
Edition statement 1st ed.
260 ## - PUBLICATION, DISTRIBUTION, ETC. (IMPRINT)
Place of publication, distribution, etc. New York :
Name of publisher, distributor, etc. McGraw-Hill Educ.,
Date of publication, distribution, etc. 2012.
300 ## - PHYSICAL DESCRIPTION
Extent xiv, 175 p.
650 #0 - SUBJECT ADDED ENTRY--TOPICAL TERM
Topical term or geographic name as entry element Early childhood education
Form subdivision Handbooks, manuals, etc.
-- 0000185165
650 #0 - SUBJECT ADDED ENTRY--TOPICAL TERM
Topical term or geographic name as entry element Play.
-- 0000000515
852 1# - LOCATION
-- p2995 KES
908 ## - PUT COMMAND PARAMETER (RLIN)
Put command parameter 140324
950 ## - LOCAL HOLDINGS (RLIN)
-- 1
Holdings
Withdrawn status Lost status Source of classification or shelving scheme Not for loan Home library Current library Date acquired Total Checkouts Full call number Barcode Date last seen Price effective from Koha item type
    Library of Congress Classification   Kabarak, Main Campus Kabarak, Main Campus 17/12/2015   LB1139.35 .P55M69 2012 c. 1 017889 17/12/2015 17/12/2015 General Collection
Designed with assistance from East African Informatics Ltd